| 000 | 00679nam a22002417a 4500 | ||
|---|---|---|---|
| 005 | 20170124105914.0 | ||
| 010 | _a755311 | ||
| 020 |
_c00.00 _a0233964274 |
||
| 035 | _a755311 | ||
| 037 | _bCen Lib/Ret | ||
| 040 |
_aDPL _bEN |
||
| 082 |
_a020 _bHAR |
||
| 100 |
_aHarrison, K.C. _91932 |
||
| 245 |
_aFirst step in librarianship / _cby K.C. Harrison |
||
| 250 | _a4th ed. | ||
| 260 |
_aLondon _bAndre deutsch _c1973 |
||
| 270 |
_a105 Great rusell street _bLondon |
||
| 300 |
_a173p. _c20cm(Hb) |
||
| 500 | _aIncludes index | ||
| 650 |
_aLibrary science _9107118 |
||
| 650 |
_aLibrarianship _9767 |
||
| 942 |
_2ddc _cEN _h020 _mHAR |
||
| 999 |
_c122727 _d122727 |
||